000 00455nam a2200181Ia 4500
003 GCL
008 140319s9999 xx 000 0 eng d
040 _aGCL /
_cGCL
082 0 4 _a297
_bS A
100 1 _aSHERIF, FARUQ
245 1 0 _aA GUIDE TO THE CONTENTS OF THE QURAN /
_cSHERIF, FARUQ
260 _a[S.N] :
_bGARNET PUBLISHINGG LIMITED ،
_c1995
300 _a245 P
650 0 4 _aISLAM
650 0 4 _aMUSLIMS
650 0 4 _aKORAN
942 _2ddc
_cBK
999 _c24517
_d24517